• 首页
  • 本馆介绍
  • 公告通知
  • 最新文献
  • 馆藏检索
  • 电子资源
  • 读者导购
  • 参考咨询
  • 我的图书馆
  • 登录
  • 详细信息显示
  • 放入我的书架
  • 预约/预借图书
  • 作者相关作品
  • 分类相关作品
  • 丛书相关作品
  • 出版社相关作品

书目信息

  • 表格格式
  • 工作单格式
  • 卡片格式
题名:
利息理论
    
 
作者: 熊福生
分册:  
出版信息: 武汉   武汉大学出版社  2004
页数: 263
开本: 24cm
丛书名:
单 册:
中图分类: F032.2
科图分类:
主题词: 资本主义社会--生产方式
电子资源:
ISBN: 7-307-04210-X
000 00500nam0 2200181 450
001 0760515518
005 20070817164835.51
010    @a7-307-04210-X@d¥26.00
100    @a20070817d km y0chiy0120 ea
101 0  @achi
200 1  @a利息理论@Ali xi li lun@f熊福生@Fxiong fu sheng
210    @a武汉@c武汉大学出版社@d2004
215    @a263@d24cm
606 0  @a资本主义社会@x生产方式
690    @aF032.2@v3
701  0 @a熊福生@Axiong fu sheng
801  0 @aCN@bPFT@c20070817
905    @a213230@dF032.2@eg51@f1
    
    利息理论/熊福生.-武汉:武汉大学出版社,2004
    263;24cm
    
    
    ISBN 7-307-04210-X:¥26.00
    
●
相关链接 在E读中查询图书 在五车中查询图书 在当当中查询图书 在豆瓣中查询图书


正题名:利息理论     索取号:F032.2/g51         预约/预借

序号 登录号 条形码 馆藏地/架位号 状态 备注
1 6501669   265016699   密集书库-海洋学院/ [索取号:F032.2/g51] 在馆    
唐山师范学院图书馆 欢迎您!
大连网信软件有限公司© 版权所有